[Event "blitzwomeanteam"]
[Site "?"]
[Date "2016.10.07"]
[Round "3.9"]
[White "Pogonina, Natalija"]
[Black "Kovalevskaya, Ekaterina"]
[Result "1/2-1/2"]
[LiveChessVersion "1.4.4"]
[BlackElo "2282"]
[WhiteElo "2402"]

1. d4 {[%clk 0:03:03]} d5 {[%clk 0:03:03]} 2. c4 {[%clk 0:03:03]} e6
{[%clk 0:03:04]} 3. Nf3 {[%clk 0:03:03]} c5 {[%clk 0:03:06]} 4. cxd5
{[%clk 0:03:03]} exd5 {[%clk 0:03:06]} 5. g3 {[%clk 0:02:59]} Nc6
{[%clk 0:03:07]} 6. Bg2 {[%clk 0:03:00]} Nf6 {[%clk 0:03:07]} 7. O-O
{[%clk 0:02:59]} Be7 {[%clk 0:03:08]} 8. dxc5 {[%clk 0:02:59]} Bxc5
{[%clk 0:03:08]} 9. a3 {[%clk 0:03:00]} a5 {[%clk 0:03:05]} 10. Qc2
{[%clk 0:02:58]} Be7 {[%clk 0:02:36]} 11. Nc3 {[%clk 0:02:57]} O-O
{[%clk 0:02:36]} 12. Rd1 {[%clk 0:02:57]} Bg4 {[%clk 0:01:38]} 13. Bg5
{[%clk 0:02:30]} d4 {[%clk 0:01:29]} 14. Nb5 {[%clk 0:02:03]} Rc8
{[%clk 0:01:15]} 15. Qa4 {[%clk 0:01:55]} Bxf3 {[%clk 0:00:58]} 16. Bxf3
{[%clk 0:01:54]} Qb6 {[%clk 0:00:57]} 17. Rd2 {[%clk 0:01:18]} h6
{[%clk 0:00:54]} 18. Bf4 {[%clk 0:01:12]} Rfd8 {[%clk 0:00:51]} 19. Rad1
{[%clk 0:01:11]} Nd5 {[%clk 0:00:45]} 20. Nxd4 {[%clk 0:00:54]} Nxd4
{[%clk 0:00:39]} 21. Rxd4 {[%clk 0:00:40]} Nxf4 {[%clk 0:00:39]} 22. Rxd8+
{[%clk 0:00:38]} Rxd8 {[%clk 0:00:39]} 23. Rxd8+ {[%clk 0:00:38]} Qxd8
{[%clk 0:00:39]} 24. Qxf4 {[%clk 0:00:36]} b6 {[%clk 0:00:38]} 25. Qe5
{[%clk 0:00:33]} Bf6 {[%clk 0:00:38]} 26. Qb5 {[%clk 0:00:31]} Kf8
{[%clk 0:00:27]} 27. b3 {[%clk 0:00:26]} Qc7 {[%clk 0:00:27]} 28. Bd5
{[%clk 0:00:21]} Qd6 {[%clk 0:00:23]} 29. a4 {[%clk 0:00:21]} g6 {[%clk 0:00:21]}
30. Bc4 {[%clk 0:00:20]} Kg7 {[%clk 0:00:21]} 31. Qe8 {[%clk 0:00:19]} Qe7
{[%clk 0:00:21]} 32. Qb8 {[%clk 0:00:18]} Bd4 {[%clk 0:00:21]} 33. e3
{[%clk 0:00:18]} Bc5 {[%clk 0:00:22]} 34. Qf4 {[%clk 0:00:17]} Qf6
{[%clk 0:00:23]} 35. Qe4 {[%clk 0:00:17]} Qe7 {[%clk 0:00:24]} 36. Qd5
{[%clk 0:00:18]} Qf6 {[%clk 0:00:24]} 37. h4 {[%clk 0:00:18]} h5 {[%clk 0:00:25]}
38. Kg2 {[%clk 0:00:18]} Qe7 {[%clk 0:00:26]} 39. e4 {[%clk 0:00:19]} Qf6
{[%clk 0:00:23]} 40. Qd2 {[%clk 0:00:18]} Qd4 {[%clk 0:00:24]} 41. Qe2
{[%clk 0:00:18]} Qe5 {[%clk 0:00:23]} 42. Bd5 {[%clk 0:00:16]} Qd4
{[%clk 0:00:22]} 43. Bc4 {[%clk 0:00:15]} Qe5 {[%clk 0:00:23]} 44. Kh3
{[%clk 0:00:13]} Qf6 {[%clk 0:00:20]} 45. Kg2 {[%clk 0:00:11]} Qe5
{[%clk 0:00:21]} 46. Qd3 {[%clk 0:00:10]} Qd4 {[%clk 0:00:22]} 47. Qf3
{[%clk 0:00:10]} Qf6 {[%clk 0:00:23]} 48. Qe2 {[%clk 0:00:11]} Qe5
{[%clk 0:00:24]} 49. Kh2 {[%clk 0:00:09]} Qd4 {[%clk 0:00:23]} 50. Kg1
{[%clk 0:00:09]} Qa1+ {[%clk 0:00:22]} 51. Kg2 {[%clk 0:00:10]} Qe5
{[%clk 0:00:23]} 52. Qf3 {[%clk 0:00:10]} Qf6 {[%clk 0:00:24]} 53. Qe2
{[%clk 0:00:11]} Qd8 {[%clk 0:03:02]} 1/2-1/2

[Event "blitzwomeanteam"]
[Site "?"]
[Date "2016.10.07"]
[Round "3.10"]
[White "Pustovoitova, Daria"]
[Black "Mkrtchian, Lilit"]
[Result "1-0"]
[LiveChessVersion "1.4.4"]
[BlackElo "2374"]
[WhiteElo "2405"]

1. c4 {[%clk 0:03:02]} Nf6 {[%clk 0:03:03]} 2. Nf3 {[%clk 0:03:02]} e6
{[%clk 0:03:02]} 3. e3 {[%clk 0:03:03]} d5 {[%clk 0:02:59]} 4. b3
{[%clk 0:03:03]} Be7 {[%clk 0:02:55]} 5. Bb2 {[%clk 0:03:04]} O-O
{[%clk 0:02:56]} 6. Qc2 {[%clk 0:03:05]} c5 {[%clk 0:02:40]} 7. cxd5
{[%clk 0:02:43]} exd5 {[%clk 0:02:40]} 8. d4 {[%clk 0:02:44]} cxd4
{[%clk 0:02:24]} 9. Nxd4 {[%clk 0:02:41]} Nc6 {[%clk 0:02:14]} 10. Nxc6
{[%clk 0:02:30]} bxc6 {[%clk 0:02:15]} 11. Be2 {[%clk 0:02:17]} c5
{[%clk 0:02:00]} 12. O-O {[%clk 0:02:17]} Be6 {[%clk 0:01:45]} 13. Rd1
{[%clk 0:02:12]} Qb6 {[%clk 0:01:38]} 14. Nc3 {[%clk 0:02:10]} Rac8
{[%clk 0:01:34]} 15. Na4 {[%clk 0:01:51]} Qa5 {[%clk 0:01:31]} 16. Qd2
{[%clk 0:01:50]} Qxd2 {[%clk 0:01:25]} 17. Rxd2 {[%clk 0:01:51]} Ne4
{[%clk 0:01:26]} 18. Rdd1 {[%clk 0:01:49]} Rfd8 {[%clk 0:01:09]} 19. Rac1
{[%clk 0:01:39]} Kf8 {[%clk 0:00:41]} 20. Ba6 {[%clk 0:00:45]} Rc6
{[%clk 0:00:41]} 21. Bb5 {[%clk 0:00:45]} Rcc8 {[%clk 0:00:41]} 22. Bd3
{[%clk 0:00:40]} f5 {[%clk 0:00:11]} 23. Kf1 {[%clk 0:00:36]} Kf7
{[%clk 0:00:11]} 24. Ke2 {[%clk 0:00:35]} Nf6 {[%clk 0:00:10]} 25. Ba6
{[%clk 0:00:32]} Rc6 {[%clk 0:00:12]} 26. Bb5 Rcc8 27. Rc2 {[%clk 0:00:31]} Ne4
{[%clk 0:00:12]} 28. Bd3 {[%clk 0:00:29]} c4 {[%clk 0:00:09]} 29. Bxe4
{[%clk 0:00:29]} dxe4 {[%clk 0:00:09]} 30. Rxd8 Bxd8 31. b4 {[%clk 0:00:22]} c3
{[%clk 0:00:06]} 32. Rxc3 {[%clk 0:00:23]} Rxc3 {[%clk 0:00:05]} 33. Nxc3
{[%clk 0:00:23]} Bc4+ {[%clk 0:00:06]} 34. Kd2 {[%clk 0:00:24]} g5
{[%clk 0:00:05]} 35. a3 {[%clk 0:00:24]} Ke6 {[%clk 0:00:05]} 36. Na4
{[%clk 0:00:24]} h5 {[%clk 0:00:05]} 37. Nc5+ {[%clk 0:00:25]} Kd5
{[%clk 0:00:06]} 38. Bd4 {[%clk 0:00:25]} h4 {[%clk 0:00:07]} 39. g3
{[%clk 0:00:25]} h3 {[%clk 0:00:07]} 40. Kc3 {[%clk 0:00:25]} Bd3
{[%clk 0:00:07]} 41. Nxd3 {[%clk 0:00:24]} exd3 {[%clk 0:00:08]} 42. Kxd3 Bc7
{[%clk 0:00:09]} 43. Bxa7 {[%clk 0:00:25]} f4 {[%clk 0:00:09]} 44. exf4
{[%clk 0:00:26]} gxf4 {[%clk 0:00:11]} 45. a4 {[%clk 0:00:19]} fxg3 46. fxg3
{[%clk 0:00:20]} Bxg3 {[%clk 0:00:13]} 47. Bg1 {[%clk 0:00:21]} Bd6
{[%clk 0:00:14]} 48. b5 {[%clk 0:00:21]} Bc7 {[%clk 0:00:14]} 49. b6
{[%clk 0:00:22]} Bb8 {[%clk 0:00:15]} 50. a5 {[%clk 0:00:23]} Kc6
{[%clk 0:00:17]} 51. a6 Bxh2 {[%clk 0:00:10]} 52. a7 {[%clk 0:00:23]} Bxg1 53.
a8=Q+ {[%clk 0:00:24]} Kxb6 {[%clk 0:00:11]} 54. Qb8+ {[%clk 0:00:25]} Kc6
{[%clk 0:00:12]} 55. Qc8+ {[%clk 0:00:26]} Kd5 {[%clk 0:00:13]} 56. Qxh3
{[%clk 0:00:27]} 1-0

[Event "blitzwomeanteam"]
[Site "?"]
[Date "2016.10.07"]
[Round "3.11"]
[White "Nechaeva, Marina"]
[Black "Vasilevich, Irina"]
[Result "0-1"]
[LiveChessVersion "1.4.4"]
[BlackElo "2165"]
[WhiteElo "2351"]

1. d4 {[%clk 0:03:03]} e6 {[%clk 0:03:04]} 2. c4 {[%clk 0:03:05]} b6
{[%clk 0:03:05]} 3. e4 {[%clk 0:03:06]} Bb7 {[%clk 0:03:06]} 4. Bd3
{[%clk 0:03:07]} f5 {[%clk 0:03:06]} 5. exf5 {[%clk 0:03:08]} Bb4+
{[%clk 0:03:07]} 6. Kf1 {[%clk 0:03:09]} Nf6 {[%clk 0:03:09]} 7. Nf3
{[%clk 0:03:08]} O-O {[%clk 0:03:09]} 8. h4 {[%clk 0:03:03]} exf5
{[%clk 0:03:06]} 9. Bg5 {[%clk 0:02:55]} Be4 {[%clk 0:02:50]} 10. a3
{[%clk 0:02:15]} Be7 {[%clk 0:02:29]} 11. Nc3 {[%clk 0:02:13]} Bxd3+
{[%clk 0:01:37]} 12. Qxd3 {[%clk 0:02:14]} h6 {[%clk 0:01:20]} 13. Bxf6
{[%clk 0:01:57]} Bxf6 {[%clk 0:01:18]} 14. Qxf5 {[%clk 0:01:55]} Nc6
{[%clk 0:01:10]} 15. Qd3 {[%clk 0:01:42]} Qe8 {[%clk 0:00:36]} 16. Re1
{[%clk 0:01:18]} Qh5 {[%clk 0:00:35]} 17. Nd5 {[%clk 0:00:46]} Rac8
{[%clk 0:00:35]} 18. Nf4 {[%clk 0:00:37]} Qf7 {[%clk 0:00:35]} 19. g3
{[%clk 0:00:35]} Na5 {[%clk 0:00:34]} 20. b3 {[%clk 0:00:32]} b5 {[%clk 0:00:35]}
21. d5 {[%clk 0:00:30]} bxc4 {[%clk 0:00:35]} 22. bxc4 {[%clk 0:00:31]} Rb8
{[%clk 0:00:37]} 23. Kg2 {[%clk 0:00:27]} Rb3 {[%clk 0:00:37]} 24. Qe4
{[%clk 0:00:26]} Nb7 {[%clk 0:00:34]} 25. Rb1 {[%clk 0:00:10]} Nd6
{[%clk 0:00:33]} 26. Qe2 {[%clk 0:00:08]} Rxa3 {[%clk 0:00:31]} 27. h5 Re8 28.
Qc2 {[%clk 0:00:06]} Rc3 {[%clk 0:00:34]} 29. Qa2 {[%clk 0:00:05]} Nxc4
{[%clk 0:00:32]} 30. Rhe1 {[%clk 0:00:04]} Nd6 {[%clk 0:00:22]} 31. Rxe8+
{[%clk 0:00:05]} Qxe8 {[%clk 0:00:23]} 32. Re1 {[%clk 0:00:06]} Qf7
{[%clk 0:00:24]} 33. Qxa7 {[%clk 0:00:07]} Kh7 {[%clk 0:00:10]} 34. Qa8
{[%clk 0:00:07]} Qg8 {[%clk 0:00:08]} 35. Qa7 {[%clk 0:00:08]} Nf5
{[%clk 0:00:07]} 36. Qa1 {[%clk 0:00:08]} Rxf3 {[%clk 0:00:08]} 37. Qb1
{[%clk 0:00:09]} Rxf4 {[%clk 0:00:07]} 38. gxf4 {[%clk 0:00:11]} Qxd5+
{[%clk 0:00:08]} 39. f3 {[%clk 0:00:10]} Kg8 {[%clk 0:00:07]} 40. Kh3
{[%clk 0:00:11]} Qxf3+ {[%clk 0:00:07]} 41. Kh2 {[%clk 0:00:12]} Qg3+
{[%clk 0:00:08]} 42. Kh1 {[%clk 0:00:13]} Qh3+ {[%clk 0:00:08]} 43. Kg1
{[%clk 0:00:14]} Bd4+ {[%clk 0:00:09]} 0-1

[Event "blitzwomeanteam"]
[Site "?"]
[Date "2016.10.07"]
[Round "4.1"]
[White "Bodnaruk, Anastasia"]
[Black "Galliamova, Alisa"]
[Result "1-0"]
[LiveChessVersion "1.4.4"]
[BlackElo "2403"]
[WhiteElo "2386"]

1. e4 {[%clk 0:03:03]} c5 {[%clk 0:03:03]} 2. f4 {[%clk 0:03:02]} d5
{[%clk 0:02:59]} 3. exd5 {[%clk 0:03:05]} Qxd5 {[%clk 0:02:59]} 4. Nc3
{[%clk 0:03:06]} Qd8 {[%clk 0:03:00]} 5. Nf3 {[%clk 0:03:07]} Nc6
{[%clk 0:03:01]} 6. Bb5 {[%clk 0:03:04]} Bd7 {[%clk 0:02:58]} 7. O-O
{[%clk 0:03:00]} Nf6 {[%clk 0:02:59]} 8. Re1 {[%clk 0:02:57]} a6 {[%clk 0:02:48]}
9. Bf1 {[%clk 0:02:46]} e6 {[%clk 0:02:45]} 10. d3 {[%clk 0:02:42]} Be7
{[%clk 0:02:45]} 11. Ne5 {[%clk 0:02:38]} O-O {[%clk 0:02:38]} 12. Be3
{[%clk 0:02:27]} Nd4 {[%clk 0:02:36]} 13. Ne2 {[%clk 0:02:18]} Nxe2+
{[%clk 0:02:21]} 14. Qxe2 {[%clk 0:02:19]} Nd5 {[%clk 0:02:20]} 15. Bd2
{[%clk 0:02:17]} Bf6 {[%clk 0:02:19]} 16. c3 {[%clk 0:02:01]} Qc7
{[%clk 0:02:14]} 17. Qf2 {[%clk 0:02:01]} Rad8 {[%clk 0:02:14]} 18. Rad1
{[%clk 0:01:58]} Bc8 {[%clk 0:02:13]} 19. Bc1 {[%clk 0:01:57]} b5
{[%clk 0:02:14]} 20. g4 {[%clk 0:01:47]} Bb7 {[%clk 0:02:09]} 21. Bg2
{[%clk 0:01:46]} Nb6 {[%clk 0:02:03]} 22. g5 {[%clk 0:01:35]} Bxe5
{[%clk 0:02:03]} 23. Rxe5 {[%clk 0:01:28]} Bxg2 {[%clk 0:02:02]} 24. Qxg2
{[%clk 0:01:29]} Rd7 {[%clk 0:02:01]} 25. Qf3 {[%clk 0:01:26]} Rfd8
{[%clk 0:02:00]} 26. h4 {[%clk 0:01:18]} Rd5 {[%clk 0:01:51]} 27. Rxd5
{[%clk 0:01:05]} Nxd5 {[%clk 0:01:51]} 28. d4 {[%clk 0:00:58]} cxd4
{[%clk 0:01:41]} 29. Rxd4 {[%clk 0:00:58]} Ne7 {[%clk 0:01:32]} 30. Qb7
{[%clk 0:00:47]} Qc5 {[%clk 0:00:40]} 31. b4 {[%clk 0:00:48]} Qc8
{[%clk 0:00:34]} 32. Qxa6 {[%clk 0:00:15]} Nd5 {[%clk 0:00:14]} 33. Qxc8
{[%clk 0:00:16]} Rxc8 34. Bb2 Kf8 {[%clk 0:00:11]} 35. Kf2 {[%clk 0:00:18]} Ke7
{[%clk 0:00:11]} 36. Ke2 {[%clk 0:00:18]} Nxc3+ {[%clk 0:00:10]} 37. Kd3
{[%clk 0:00:09]} Nd5 {[%clk 0:00:11]} 38. a3 {[%clk 0:00:08]} f6 {[%clk 0:00:08]}
39. f5 {[%clk 0:00:08]} fxg5 {[%clk 0:00:08]} 40. hxg5 {[%clk 0:00:10]} Rf8
{[%clk 0:00:05]} 41. fxe6 {[%clk 0:00:10]} Kxe6 {[%clk 0:00:06]} 42. Re4+
{[%clk 0:00:11]} Kd6 {[%clk 0:00:06]} 43. Bxg7 {[%clk 0:00:12]} Rf3+ 44. Kd4 Rxa3
{[%clk 0:00:04]} 45. Bf8+ {[%clk 0:00:15]} Kc6 {[%clk 0:00:05]} 46. Re6+
{[%clk 0:00:17]} Kd7 {[%clk 0:00:05]} 47. Kxd5 {[%clk 0:00:15]} Rd3+
{[%clk 0:00:06]} 48. Ke4 {[%clk 0:00:17]} Rg3 {[%clk 0:00:05]} 49. Re7+
{[%clk 0:00:16]} Kd8 {[%clk 0:00:05]} 50. Re5 {[%clk 0:00:17]} Kd7
{[%clk 0:00:03]} 51. Bc5 {[%clk 0:00:15]} Kc6 {[%clk 0:00:03]} 1-0

[Event "blitzwomeanteam"]
[Site "?"]
[Date "2016.10.07"]
[Round "4.2"]
[White "Ambartsumova, Karina"]
[Black "Ovod, Evgenija"]
[Result "1-0"]
[LiveChessVersion "1.4.4"]
[BlackElo "2195"]
[WhiteElo "2293"]

1. Nf3 {[%clk 0:03:01]} d5 {[%clk 0:03:02]} 2. g3 {[%clk 0:03:03]} Nf6
{[%clk 0:03:01]} 3. Bg2 {[%clk 0:03:04]} c6 {[%clk 0:03:02]} 4. O-O
{[%clk 0:03:04]} Bg4 {[%clk 0:03:03]} 5. d3 {[%clk 0:03:05]} Nbd7
{[%clk 0:03:03]} 6. Nbd2 {[%clk 0:03:06]} e5 {[%clk 0:03:01]} 7. e4
{[%clk 0:03:04]} Bd6 {[%clk 0:02:58]} 8. Qe2 {[%clk 0:03:01]} O-O
{[%clk 0:02:58]} 9. Re1 {[%clk 0:03:00]} Re8 {[%clk 0:02:58]} 10. h3
{[%clk 0:02:59]} Bh5 {[%clk 0:02:59]} 11. b3 {[%clk 0:02:36]} Qc7
{[%clk 0:02:53]} 12. Bb2 {[%clk 0:02:34]} a5 {[%clk 0:02:52]} 13. a4
{[%clk 0:02:34]} Rad8 {[%clk 0:02:51]} 14. Rad1 {[%clk 0:02:18]} h6
{[%clk 0:02:28]} 15. g4 {[%clk 0:02:15]} Bg6 {[%clk 0:02:28]} 16. Nh4
{[%clk 0:02:16]} Bh7 {[%clk 0:02:28]} 17. Nf5 {[%clk 0:02:08]} Bf8
{[%clk 0:02:25]} 18. Nf1 {[%clk 0:02:06]} dxe4 {[%clk 0:02:12]} 19. dxe4
{[%clk 0:02:07]} Nc5 {[%clk 0:02:12]} 20. Bc1 {[%clk 0:01:58]} Ne6
{[%clk 0:02:11]} 21. Be3 {[%clk 0:01:30]} Bb4 {[%clk 0:02:05]} 22. Rxd8
{[%clk 0:01:25]} Rxd8 {[%clk 0:02:04]} 23. Rd1 {[%clk 0:01:25]} Bc5
{[%clk 0:01:38]} 24. Bxc5 {[%clk 0:01:02]} Nxc5 {[%clk 0:01:39]} 25. Rxd8+
{[%clk 0:00:32]} Qxd8 {[%clk 0:01:40]} 26. Qd2 {[%clk 0:00:33]} Qxd2
{[%clk 0:00:41]} 27. Nxd2 {[%clk 0:00:34]} Bxf5 28. exf5 {[%clk 0:00:30]} Nd5
{[%clk 0:00:17]} 29. Nc4 {[%clk 0:00:18]} Nb4 {[%clk 0:00:16]} 30. c3
{[%clk 0:00:12]} Na2 {[%clk 0:00:15]} 31. Nxa5 {[%clk 0:00:13]} Nxc3
{[%clk 0:00:15]} 32. b4 {[%clk 0:00:12]} N5xa4 {[%clk 0:00:14]} 33. Nxb7
{[%clk 0:00:14]} Nd5 {[%clk 0:00:11]} 34. b5 {[%clk 0:00:12]} Ne7 35. bxc6 Nb6
{[%clk 0:00:04]} 36. Nd6 {[%clk 0:00:11]} f6 {[%clk 0:00:05]} 37. Kf1
{[%clk 0:00:11]} Nbc8 {[%clk 0:00:04]} 38. Nb5 {[%clk 0:00:10]} Kf8
{[%clk 0:00:04]} 39. Ke2 {[%clk 0:00:10]} Ke8 40. Ke3 Kd8 {[%clk 0:00:05]} 41. f4
{[%clk 0:00:12]} exf4+ {[%clk 0:00:04]} 42. Kxf4 {[%clk 0:00:14]} Nb6 43. h4 Kc8
44. Ke4 1-0

[Event "blitzwomeanteam"]
[Site "?"]
[Date "2016.10.07"]
[Round "4.3"]
[White "Travkina, Anastasia"]
[Black "Nebolsina, Vera"]
[Result "0-1"]
[LiveChessVersion "1.4.4"]
[BlackElo "2226"]
[WhiteElo "2168"]

1. e4 {[%clk 0:03:04]} g6 {[%clk 0:03:03]} 2. d4 {[%clk 0:03:05]} Bg7
{[%clk 0:03:05]} 3. Nc3 {[%clk 0:03:07]} d6 {[%clk 0:03:06]} 4. f4
{[%clk 0:03:08]} a6 {[%clk 0:03:06]} 5. Bd3 {[%clk 0:03:07]} b5 {[%clk 0:03:02]}
6. Nf3 {[%clk 0:03:04]} Nd7 {[%clk 0:03:02]} 7. Ne2 {[%clk 0:02:49]} Bb7
{[%clk 0:02:51]} 8. O-O {[%clk 0:02:49]} c5 {[%clk 0:02:47]} 9. c3
{[%clk 0:02:48]} Qb6 {[%clk 0:02:19]} 10. Kh1 {[%clk 0:02:49]} Ngf6
{[%clk 0:01:50]} 11. e5 {[%clk 0:02:22]} Ne4 {[%clk 0:01:51]} 12. Bxe4
{[%clk 0:01:55]} Bxe4 {[%clk 0:01:51]} 13. Ng5 {[%clk 0:01:52]} Bd5
{[%clk 0:01:44]} 14. Be3 {[%clk 0:01:18]} Qb7 {[%clk 0:01:43]} 15. Rf2
{[%clk 0:01:16]} h6 {[%clk 0:01:39]} 16. Nf3 {[%clk 0:01:15]} c4 {[%clk 0:01:34]}
17. b3 {[%clk 0:01:10]} Nb6 {[%clk 0:01:31]} 18. Nd2 {[%clk 0:00:44]} g5
{[%clk 0:01:19]} 19. f5 {[%clk 0:00:42]} dxe5 {[%clk 0:01:19]} 20. dxe5
{[%clk 0:00:33]} Bxe5 {[%clk 0:01:20]} 21. Bd4 {[%clk 0:00:30]} Nd7
{[%clk 0:01:15]} 22. bxc4 {[%clk 0:00:29]} bxc4 {[%clk 0:01:15]} 23. Rb1
{[%clk 0:00:30]} Qc6 {[%clk 0:01:16]} 24. Nf3 {[%clk 0:00:26]} Bf6
{[%clk 0:01:00]} 25. Bxf6 {[%clk 0:00:23]} Nxf6 {[%clk 0:01:00]} 26. Ned4
{[%clk 0:00:23]} Qd7 {[%clk 0:01:00]} 27. Ne5 {[%clk 0:00:23]} Qd6
{[%clk 0:00:57]} 28. Nef3 {[%clk 0:00:15]} Ne4 {[%clk 0:00:49]} 29. Rc2
{[%clk 0:00:07]} g4 {[%clk 0:00:49]} 30. Nd2 {[%clk 0:00:06]} Nf2+
{[%clk 0:00:49]} 0-1

[Event "blitzwomeanteam"]
[Site "?"]
[Date "2016.10.07"]
[Round "4.4"]
[White "Maltsevskaya, Aleksandra"]
[Black "Belova, Olga"]
[Result "1-0"]
[LiveChessVersion "1.4.4"]
[BlackElo "2020"]
[WhiteElo "2046"]

1. d4 {[%clk 0:03:03]} Nf6 {[%clk 0:03:03]} 2. Nc3 {[%clk 0:03:04]} g6
{[%clk 0:02:58]} 3. e4 {[%clk 0:03:05]} d6 {[%clk 0:02:58]} 4. Be3
{[%clk 0:03:06]} Bg7 {[%clk 0:02:59]} 5. Qd2 {[%clk 0:03:07]} Ng4
{[%clk 0:02:56]} 6. Bg5 {[%clk 0:03:08]} h6 {[%clk 0:02:56]} 7. Bh4
{[%clk 0:03:09]} c6 {[%clk 0:02:55]} 8. h3 {[%clk 0:03:09]} Nf6 {[%clk 0:02:55]}
9. f4 {[%clk 0:02:58]} b5 {[%clk 0:02:53]} 10. e5 {[%clk 0:02:28]} dxe5
{[%clk 0:02:45]} 11. fxe5 {[%clk 0:02:18]} Nd5 {[%clk 0:01:48]} 12. Nf3
{[%clk 0:02:00]} a6 {[%clk 0:01:03]} 13. Bd3 {[%clk 0:01:40]} Nd7
{[%clk 0:00:48]} 14. e6 {[%clk 0:01:33]} f6 {[%clk 0:00:35]} 15. Bxg6+
{[%clk 0:01:26]} Kf8 {[%clk 0:00:36]} 16. exd7 {[%clk 0:01:27]} Bxd7
{[%clk 0:00:37]} 17. Be4 {[%clk 0:01:07]} Nb6 {[%clk 0:00:26]} 18. O-O
{[%clk 0:01:03]} Nc4 {[%clk 0:00:27]} 19. Qf2 {[%clk 0:00:54]} Rg8
{[%clk 0:00:18]} 20. Ne5 {[%clk 0:00:50]} Bh8 {[%clk 0:00:16]} 21. Ng6+
{[%clk 0:00:45]} Ke8 {[%clk 0:00:16]} 22. Nxh8 {[%clk 0:00:43]} Rxh8
{[%clk 0:00:17]} 23. b3 {[%clk 0:00:26]} Nd6 {[%clk 0:00:18]} 24. Bg6+
{[%clk 0:00:25]} Kf8 {[%clk 0:00:19]} 25. Bg3 {[%clk 0:00:22]} Nf7
{[%clk 0:00:11]} 26. Bxf7 {[%clk 0:00:22]} Kxf7 {[%clk 0:00:12]} 27. Ne4
{[%clk 0:00:16]} Be6 {[%clk 0:00:09]} 28. Nc5 {[%clk 0:00:13]} Bd5
{[%clk 0:00:10]} 29. Rac1 {[%clk 0:00:11]} b4 {[%clk 0:00:09]} 30. Nd3
{[%clk 0:00:08]} Rg8 {[%clk 0:00:10]} 31. Nxb4 {[%clk 0:00:08]} Qd7
{[%clk 0:00:11]} 32. Nxd5 {[%clk 0:00:08]} Qxd5 {[%clk 0:00:12]} 33. c4
{[%clk 0:00:08]} Qg5 {[%clk 0:00:14]} 34. Kh2 {[%clk 0:00:09]} h5
{[%clk 0:00:14]} 35. Qf4 {[%clk 0:00:10]} Qg6 {[%clk 0:00:15]} 36. d5
{[%clk 0:00:10]} cxd5 37. cxd5 {[%clk 0:00:11]} Rad8 {[%clk 0:00:17]} 38. d6
{[%clk 0:00:11]} Rxd6 {[%clk 0:00:18]} 39. Rce1 {[%clk 0:00:11]} h4
{[%clk 0:00:17]} 40. Qxh4 {[%clk 0:00:12]} Rd3 {[%clk 0:00:19]} 41. Rf3
{[%clk 0:00:13]} Rxf3 {[%clk 0:00:19]} 42. gxf3 {[%clk 0:00:14]} Qc2+
{[%clk 0:00:20]} 43. Bf2 {[%clk 0:00:13]} Qc7+ {[%clk 0:00:18]} 44. f4
{[%clk 0:00:13]} Qb7 {[%clk 0:00:16]} 45. Qh5+ {[%clk 0:00:14]} Kf8
{[%clk 0:00:17]} 46. Qh6+ {[%clk 0:00:15]} Rg7 {[%clk 0:00:16]} 47. Rg1
{[%clk 0:00:16]} e6 {[%clk 0:00:11]} 48. Qxg7+ {[%clk 0:00:18]} Qxg7
{[%clk 0:00:12]} 49. Rxg7 {[%clk 0:00:19]} Kxg7 {[%clk 0:00:13]} 50. Kg3
{[%clk 0:00:20]} Kg6 {[%clk 0:00:14]} 51. Kf3 {[%clk 0:00:21]} Kh5
{[%clk 0:00:15]} 52. Ke4 {[%clk 0:00:21]} Kg6 {[%clk 0:00:15]} 53. a3
{[%clk 0:00:21]} Kf7 {[%clk 0:00:12]} 54. b4 {[%clk 0:00:22]} Ke7
{[%clk 0:00:14]} 55. a4 {[%clk 0:00:23]} Kd7 {[%clk 0:00:15]} 56. b5
{[%clk 0:00:24]} axb5 {[%clk 0:00:15]} 57. axb5 {[%clk 0:00:25]} Kc7
{[%clk 0:00:16]} 58. h4 {[%clk 0:00:26]} 1-0

[Event "blitzwomeanteam"]
[Site "?"]
[Date "2016.10.07"]
[Round "4.5"]
[White "Ruchieva, Natalia"]
[Black "Sukhareva, Evgeniya"]
[Result "0-1"]
[LiveChessVersion "1.4.4"]
[BlackElo "2258"]
[WhiteElo "2194"]

1. e4 {[%clk 0:03:02]} c5 {[%clk 0:03:04]} 2. c3 {[%clk 0:03:03]} a6
{[%clk 4:04:52]} 3. d4 {[%clk 0:03:01]} e6 {[%clk 0:02:50]} 4. Be3
{[%clk 0:02:44]} Qc7 {[%clk 0:02:41]} 5. Nf3 {[%clk 0:02:33]} Nf6
{[%clk 0:02:36]} 6. Bd3 {[%clk 0:02:28]} d6 {[%clk 0:02:31]} 7. h3
{[%clk 0:02:23]} Nbd7 {[%clk 0:02:30]} 8. O-O {[%clk 0:02:22]} b6
{[%clk 0:02:29]} 9. Re1 {[%clk 0:02:01]} Bb7 {[%clk 0:02:30]} 10. d5
{[%clk 0:01:45]} e5 {[%clk 0:02:27]} 11. c4 {[%clk 0:01:44]} g6 {[%clk 0:02:25]}
12. Qd2 {[%clk 0:01:42]} Bg7 {[%clk 0:02:25]} 13. Bh6 {[%clk 0:01:37]} O-O
{[%clk 0:02:25]} 14. Nc3 {[%clk 0:01:36]} Rae8 {[%clk 0:02:11]} 15. Nh4
{[%clk 0:01:34]} Kh8 {[%clk 0:01:51]} 16. Qg5 {[%clk 0:01:05]} Bxh6
{[%clk 0:01:47]} 17. Qxh6 {[%clk 0:01:05]} Ng8 {[%clk 0:01:46]} 18. Ne2
{[%clk 0:00:45]} Nxh6 {[%clk 0:01:46]} 0-1

[Event "blitzwomeanteam"]
[Site "?"]
[Date "2016.10.07"]
[Round "4.6"]
[White "Drozdova, Dina"]
[Black "Vasilevich, Tatjana"]
[Result "0-1"]
[LiveChessVersion "1.4.4"]
[BlackElo "2345"]
[WhiteElo "2241"]

1. d4 {[%clk 0:03:02]} Nf6 {[%clk 0:03:03]} 2. c4 {[%clk 0:03:04]} c5
{[%clk 0:03:05]} 3. dxc5 {[%clk 0:03:04]} e6 {[%clk 0:03:04]} 4. g3
{[%clk 0:03:06]} Bxc5 {[%clk 0:03:03]} 5. Bg2 {[%clk 0:03:07]} Qb6
{[%clk 0:03:02]} 6. Nh3 {[%clk 0:03:08]} O-O {[%clk 0:02:54]} 7. O-O
{[%clk 0:03:09]} a6 {[%clk 0:02:40]} 8. Nc3 {[%clk 0:03:08]} Qc7 {[%clk 0:02:39]}
9. Nf4 {[%clk 0:03:02]} d6 {[%clk 0:02:37]} 10. b3 {[%clk 0:02:59]} Bd7
{[%clk 0:02:35]} 11. Bb2 {[%clk 0:02:58]} Bc6 {[%clk 0:02:36]} 12. e4
{[%clk 0:02:58]} b5 {[%clk 0:02:28]} 13. Qe2 {[%clk 0:02:35]} Nbd7
{[%clk 0:02:23]} 14. cxb5 {[%clk 0:02:31]} axb5 {[%clk 0:02:24]} 15. Nxb5
{[%clk 0:02:30]} Qb7 {[%clk 0:02:09]} 16. Nc3 {[%clk 0:02:31]} Rfc8
{[%clk 0:02:04]} 17. Rac1 {[%clk 0:02:00]} Bd4 {[%clk 0:01:53]} 18. Rfe1
{[%clk 0:01:48]} Nc5 {[%clk 0:01:43]} 19. Qd2 {[%clk 0:01:13]} Bxc3
{[%clk 0:01:34]} 20. Qxc3 {[%clk 0:01:03]} Bxe4 {[%clk 0:01:22]} 21. Qd2
{[%clk 0:00:36]} Rxa2 {[%clk 0:01:14]} 22. Qxd6 {[%clk 0:00:17]} Bxg2
{[%clk 0:01:00]} 23. Rxc5 Rxb2 0-1